[Event "IND-ch U19 Girls 46th"]
[Site "Rajahmundry"]
[Date "2016.10.16"]
[Round "11"]
[White "Aasha, CR."]
[Black "Salonika, Saina"]
[Result "1/2-1/2"]
[WhiteElo "1777"]
[BlackElo "2093"]
[PlyCount "73"]
[EventDate "2016.10.08"]
[EventType "swiss"]
[EventRounds "11"]
[EventCountry "IND"]
[SourceTitle "CBM 175 Extra"]
[Source "ChessBase"]
[SourceDate "2016.12.12"]
[SourceVersion "1"]
[SourceVersionDate "2016.12.12"]
[SourceQuality "1"]

1. d4 Nf6 2. Nf3 c5 3. d5 b5 4. c4 e6 5. dxe6 fxe6 6. Bg5 Be7 7. e3 bxc4 8. Bxc4 0-0 9. Nc3 d5 10. Bd3 Nc6 11. 0-0 Kh8 12. e4 c4 13. exd5 exd5 14. Bc2 d4 15. Ba4 dxc3 16. Bxc6 cxb2 17. Bxa8 bxa1Q 18. Qxa1 Bg4 19. Bc6 Qc7 20. Ne5 Be6 21. Re1 Bd6 22. Qc3 Bf5 23. Bf3 Ne4 24. Bxe4 Bxe5 25. Qc2 Bxh2+ 26. Kh1 Re8 27. Bd2 Bg4 28. Bf5 Rxe1+ 29. Bxe1 Bxf5 30. Qxf5 Bd6 31. Qe6 h6 32. Bc3 Kh7 33. Qf5+ Kg8 34. Qe6+ Kh7 35. Qf5+ Kg8 36. Qe6+ Kh7 37. Qf5+ 1/2-1/2

[Event "IND-ch Challengers (Women) 43rd"]
[Site "Chennai"]
[Date "2016.06.18"]
[Round "3"]
[White "Rajput, Gayatri"]
[Black "Aasha, CR."]
[Result "0-1"]
[WhiteElo "1432"]
[BlackElo "1772"]
[PlyCount "140"]
[EventDate "2016.06.17"]
[EventType "swiss"]
[EventRounds "11"]
[EventCountry "IND"]
[SourceTitle "CBM 173 Extra"]
[Source "ChessBase"]
[SourceDate "2016.08.29"]
[SourceVersion "1"]
[SourceVersionDate "2016.08.29"]
[SourceQuality "1"]

1. e4 c5 2. Nf3 Nc6 3. d4 cxd4 4. Nxd4 Nf6 5. Nc3 e5 6. Ndb5 d6 7. Bg5 a6 8. Na3 b5 9. Nd5 Be7 10. Bxf6 Bxf6 11. c3 Bg5 12. g3 Be6 13. Bg2 Ne7 14. h4 Bh6 15. Nxe7 Qxe7 16. Nc2 a5 17. Na3 b4 18. Qa4+ Qd7 19. Nb5 0-0 20. a3 Bc4 21. Bf1 Qc6 22. f3 Bxf1 23. Rxf1 Rfb8 24. c4 Qxc4 25. Nxd6 Qc5 26. Nf5 Rd8 27. Rf2 Bd2+ 28. Kf1 g6 29. Rd1 gxf5 30. Rfxd2 Rxd2 31. Rxd2 fxe4 32. fxe4 Qe3 33. Qd1 bxa3 34. bxa3 Qxe4 35. Rd8+ Kg7 36. Rxa8 Qh1+ 37. Ke2 Qxa8 38. Ke3 Qc8 39. Qd3 Qg4 40. Qd6 Qxg3+ 41. Ke2 Qh2+ 42. Ke3 Qf4+ 43. Ke2 Qe4+ 44. Kf1 Qxh4 45. Qc5 Qf4+ 46. Ke2 a4 47. Qg1+ Kf6 48. Qb6+ Kg5 49. Qd8+ Kh5 50. Qe7 Qg4+ 51. Kf1 Qf3+ 52. Ke1 e4 53. Qc5+ f5 54. Qe7 Qg3+ 55. Ke2 Qg4+ 56. Kf1 h6 57. Qe8+ Kh4 58. Qxa4 Qf3+ 59. Ke1 Kg3 60. Qa7 Qc3+ 61. Kd1 e3 62. Qb8+ f4 63. Qg8+ Kf2 64. Qa2+ Qd2+ 65. Qxd2+ exd2 66. Kxd2 f3 67. a4 Kg2 68. a5 f2 69. a6 f1Q 70. a7 Qa6 0-1